Income inequality and touristic resources in Uruguay (Registro nro. 23136)

Detalles MARC
000 -LEADER
fixed length control field 00406 a2200133 4500
001 - CONTROL NUMBER
control field ART_61006
005 - DATE AND TIME OF LATEST TRANSACTION
control field 20260410161830.0
008 - FIXED-LENGTH DATA ELEMENTS--GENERAL INFORMATION
fixed length control field 260409a
100 1# - MAIN ENTRY--PERSONAL NAME
Personal name Porto, Natalia
245 10 - TITLE STATEMENT
Title Income inequality and touristic resources in Uruguay
700 1# - ADDED ENTRY--PERSONAL NAME
Personal name Espinola, Natalia
700 1# - ADDED ENTRY--PERSONAL NAME
Personal name Carella, Laura
773 0# - HOST ITEM ENTRY
Title Estudios Económicos
Related parts - Vol. 40, Nº 81 (jul./dic. 2023)
Record control number REV5080

No hay ítems disponibles.